000 00435nam a2200169Ia 4500
003 OSt
005 20230609151729.0
008 210423s2002 xx 000 0 und d
040 _cAL
082 _a658.3 PRAH
_223
100 _aPRAKASH (Ved).
_9123450
245 _aHuman resource management.
260 _aNew Delhi
_bAnmol Publications
_c2002
365 _b700
_cINR
906 _aHuman ; management. ; resource
942 _2ddc
_cBK
999 _c174309
_d174309